000 01301cam a2200337 a 4500
001 1877
003 FISKH
005 20231006113703.0
008 110329s2012 nyu j b 001 0 eng
010 _a 2011011968
020 _a9780531263105 (library binding)
020 _a9780531266236
040 _aDLC
_cDLC
_dDLC
_beng
042 _apcc
050 0 0 _aE487
_b.B46 2012
082 0 0 _a973.7/13
_222
100 1 _aBenoit, Peter,
_d1955-
245 1 4 _aThe Confederate States of America /
_cPeter Benoit.
260 _aNew York :
_bScholastic,
_c2012.
300 _a48 pages :
_bmaps ; color illustrations ;
_c22 cm.
490 0 _aA true book
505 _aW
520 _aThe Confederate States of America had a short life but the history leading up to its establishment went back decades to the establishment of the United States and the early failure to confront the "original sin" of slavery.
521 8 _a880
_bLexile
521 8 _aW
_bRaz-Plus
651 0 _aConfederate States of America
_xHistory
_vJuvenile literature.
651 0 _aUnited States
_xHistory
_yCivil War, 1861-1865
_vJuvenile literature.
906 _a0
_bvip
_corignew
_d1
_eecip
_f20
_gy-gencatlg
942 _2ddc
_cBK
_n0
999 _c1877
_d1877